000 00720nam a2200241 i 4500
001 14309
003 ES-MaACL
005 20230906150753.0
007 t|
008 981209s1998 sp ||||1| spa d
020 _a84-921147-3-8
080 _a316.32"19"(082.2)
245 0 0 _aPolítica y modernidad /
_cÁngela Sierra ... [et al.].
260 _aLa Laguna :
_bAteneo de la Laguna,
_c1998.
300 _a90 p. ;
_c21 cm.
490 1 _aCuadernos Ateneo. Humanidades ;
_v4
650 4 _aPolítica-
_yS.XX.
_916284
700 1 _aSierra, Angela.
_9106242
710 2 _aAteneo de La Laguna.
_91870
830 1 _aCuadernos Ateneo. Humanidades ;
_v4
_9179604
852 _aES-MaACL
_jL-21560
999 _c14309
_d14309